000
00202nam a22001097a 4500
041
_a
eng
080
_a
80
100
_a
Mintz, T., Miller L.
245
_a
Threshold.
650
_a
Health
999
_c
279305
_d
279305
942
_c
BK